00886nam a2200205 a 450000100100000000500170001000800410002702000150006804000250008310000390010824501280014726000720027530000210034749000350036850000530040371000600045683000420051695201050055899900170066300003922120201002031541.0130611s1990 sp 001 0 spa d a840007033X aDO-SdBNPbspacBNPHU1 aRábanos Espinosa, Ricardo96540710aBibliografía Joánica :bEvangelio, Cartas y Apocalipsis, 1960-1986 /cRicardo Rabanos Espinosa, Domingo Muñoz León. aMadrid :bConsejo Superior de Investigaciones Científicas,c1990. a751 p. ;c24 cm.1 aBiblioteca hispana biblicav14 aIncluye referencias bibliográficas e índices2 aConsejo Superior de Investigaciones Científicas94786 0aBiblioteca hispana biblicav14965410 001050718MOaGRbGRcCTd2013-06-11iLF1l0o p39221-10r2020-06-25w2020-06-25y1ZNo se presta c38711d38711